000 00314nam a2200145Ia 4500
003 OSt
008 191201s2016 xx 000 0 und d
082 _a005.26
_bMOU
100 _aRADHA, Mohan
245 0 _aUsing SPSS in Research
260 _bNeelkamal
_c2016
300 _a324
650 _aMBA
942 _2ddc
_cBK
999 _c7017
_d7017